|
|
|
|
| LEADER |
00000nam2a2200000 4500 |
| 001 |
141954 |
| 005 |
20231031142605.0 |
| 010 |
|
|
|a 9785895720240
|
| 035 |
|
|
|a (RuTPU)RU\TPU\book\153852
|
| 090 |
|
|
|a 141954
|
| 100 |
|
|
|a 20080828d2007 km y0rusy50 ca
|
| 101 |
0 |
|
|a rus
|
| 102 |
|
|
|a RU
|
| 105 |
|
|
|a a f 011zy
|
| 200 |
0 |
|
|a Т. 14: Даниил - Димитрий
|
| 210 |
|
|
|d 2007
|
| 215 |
|
|
|a 752 с.
|c ил.
|
| 320 |
|
|
|a Библиография в конце статей
|
| 461 |
|
1 |
|0 (RuTPU)RU\TPU\book\47362
|t Православная энциклопедия
|f под ред. Алексия II
|v Т. 14: Даниил - Димитрий
|d 2000-
|
| 610 |
1 |
|
|a религия
|
| 610 |
1 |
|
|a христианство
|
| 610 |
1 |
|
|a Православие
|
| 610 |
1 |
|
|a термины
|
| 610 |
1 |
|
|a персоналии
|
| 610 |
1 |
|
|a история
|
| 610 |
1 |
|
|a энциклопедии
|
| 686 |
|
|
|a Э372я2
|v LBC/SL-A
|2 rubbk
|
| 801 |
|
1 |
|a RU
|b 63413507
|c 20080828
|g PSBO
|
| 801 |
|
2 |
|a RU
|b 63413507
|c 20180516
|g PSBO
|
| 942 |
|
|
|c BK
|